00468nam a22001457a 4500003000400000082001900004088001000023100002100033245005000054260007900104300000800183500005000191520005000241700003100291OSt 2631.587 DAM/PE aT 119 aM. DAMODHARA RAO aPerformance evaluation of hydrocyclone filter aTavanur 2001bKelappaji College of Agricultural Engineering and Technology a121 aPerformance evaluation of hydrocyclone filter aPerformance evaluation of hydrocyclone filter aDr. K. John Thomas (Guide)